| 000 | 00443nam a2200157Ia 4500 | ||
|---|---|---|---|
| 005 | 20250606014842.0 | ||
| 008 | 240331s9999 xx 000 0 und d | ||
| 020 | _a9555534764 | ||
| 082 |
_bHEM _a301 |
||
| 100 | _aHemantha,S.W.K | ||
| 245 | 0 | _aWishwa vidyala upasanskruthiya | |
| 260 |
_aWarakapola _bArya Publishers _c2006 |
||
| 300 | _aix, 231 p ., | ||
| 500 | _aA book on university subculture ( Tradition. reality and change) | ||
| 942 | _cL | ||
| 999 |
_c5046 _d5046 |
||